Algebra lineal /
Guardado en:
| Autor Principal: | |
|---|---|
| Formato: | Libro |
| Idioma: | Spanish |
| Publicado: |
Washington, D.C. :
Programa Regional de Desarrollo Científico y Tecnológico, Departamento de Asuntos Científicos, Secretaría General de la Organización de los Estados Americanos,
1976, c1967.
|
| Edición: | 3a. ed., rev. y act. |
| Series: | Colección de monografías científicas. Serie de matemática ;
monografía no. 5. |
| Materias: | |
| Etiquetas: |
Agregar Etiqueta
Sin Etiquetas, Sea el primero en etiquetar este registro!
|
| LEADER | 01035cam a2200205 a 4500 | ||
|---|---|---|---|
| 001 | MAT.inmabb007120 | ||
| 008 | 830506t19761967dcua#####b###i000#0#spa## | ||
| 005 | 20180504124353.0 | ||
| 245 | 1 | 0 | |a Algebra lineal / |c por Orlando E. Villamayor. |
| 250 | |a 3a. ed., rev. y act. | ||
| 260 | |a Washington, D.C. : |b Programa Regional de Desarrollo Científico y Tecnológico, Departamento de Asuntos Científicos, Secretaría General de la Organización de los Estados Americanos, |c 1976, c1967. | ||
| 300 | |a vi, 128 p. : |b il. ; |c 23 cm. | ||
| 490 | 1 | |a Colección de monografías científicas. Serie de matemática ; |v monografía no. 5 | |
| 504 | |a Bibliografía: p. 124. | ||
| 505 | 0 | |a 1. Ejemplos introductorios -- 2. Espacios vectoriales -- 3. Transformaciones lineales -- 4. Determinantes -- 5. Producto interno. | |
| 100 | 1 | |a Villamayor, Orlando E. | |
| 830 | 0 | |a Colección de monografías científicas. |p Serie de matemática ; |v monografía no. 5. | |
| 650 | 0 | |a Algebras, Linear. | |
| 084 | |a 15-01 |2 msc2000 | ||
| 859 | |h 15 |i V715-3 |p A-9184 |b BIB. MATEMATICA | ||
